000 00601nam a2200241Ia 4500
003 OSt
005 20220928144130.0
006 a|||||r|||| 00| 0
007 ta
008 220927b |||||||| |||| 00| 0 eng d
024 _a24420
037 _cTextual
040 _aSDCL
_cSDCL
_beng
041 _2eng
_aeng
082 _aX:8F, P0
100 _aLouderback Joseph G
_9464946
245 0 _aManagerial accounting
250 _a9
260 _c2000
700 _a Holmen Jay S
_9507057
942 _hX:8F, P0
_cTEXL
_2CC
999 _c826334
_d826334